Score 0/300 Timer 20:00
0 Plays Today
Rank Name % Correct
2Harry
95.9%
293Harri
95.9%
12James
95.8%
4Jack
95.4%
11William
94.9%
28Daniel
94.1%
9Thomas
93%
1Oliver
92.8%
3George
92.8%
84Alex
92.7%
21Alexander
91.8%
261Aleksander
91.8%
186Sam
91.7%
120John
91.5%
43David
90.9%
109Robert
90.4%
22Joseph
90.2%
15Henry
90%
24Samuel
89.6%
138Christopher
89.2%
72Charles
89.1%
206Ben
88.9%
59Michael
88.6%
23Edward
88.4%
53Matthew
88.3%
7Charlie
88.1%
33Benjamin
87.4%
77Nathan
87.4%
5Jacob
87.3%
97Liam
87.3%
158Jakub
87.3%
6Noah
87.1%
37Adam
86.9%
188Peter
86.9%
13Leo
86.8%
27Lucas
86.8%
201Lukas
86.8%
51Jaxon
86.6%
79Jackson
86.6%
144Jaxson
86.6%
59Luke
86.5%
165Zac
86.5%
212Zack
86.5%
242Zak
86.5%
278Richard
86.5%
279Zach
86.5%
175Frank
86.3%
81Ryan
85.8%
175Rayan
85.8%
231Rayyan
85.8%
19Ethan
85.6%
52Luca
85.5%
256Mark
85.5%
256Joe
85.3%
92Leon
84.7%
16Joshua
84.3%
105Eli
84.3%
195Jonathan
84.2%
151Nicholas
84%
267Nicolas
84%
95Aaron
83%
47Louie
82.7%
71Louis
82.7%
20Isaac
82.5%
8Muhammad
82.4%
31Mohammed
82.4%
68Mohammad
82.4%
118Muhammed
82.4%
140Anthony
82.4%
177Mohamed
82.4%
129Nathaniel
81.9%
39Zachary
81.6%
209Andrew
81.4%
10Oscar
81.2%
45Jake
81.2%
57Tommy
81.2%
212Oskar
81.2%
223Christian
81.2%
25Max
81.1%
102Jamie
80.9%
205Marcus
80.9%
249Jay
80.9%
76Frederick
80.3%
170Jason
79.9%
249Leonard
79%
238Victor
78.8%
17Freddie
78.6%
229Freddy
78.6%
104Aiden
78.5%
161Aidan
78.5%
44Elijah
78.3%
29Theo
78.1%
156Vincent
78%
14Alfie
77.8%
64Albert
77.8%
30Arthur
77.7%
111Alfred
77.7%
121Evan
77.3%
127Billy
77.3%
34Mason
77%
Rank Name % Correct
113Owen
76.8%
194Kyle
76.8%
38Dylan
76.7%
75Lewis
76.3%
298Timothy
76.3%
114Patrick
76.2%
247Danny
76.2%
42Theodore
75.7%
147Eric
75.7%
26Logan
75.5%
61Jayden
75.5%
78Tyler
75.4%
32Harrison
75%
166Kevin
74.9%
252Martin
74.9%
103Connor
74.4%
221Conor
74.4%
90Bobby
73.6%
158Cameron
73.2%
123Maxwell
72.6%
67Gabriel
71.5%
66Elliot
71.3%
74Elliott
71.3%
216Francis
70.6%
18Archie
70.3%
299Harris
70.3%
63Frankie
70%
54Harvey
69.7%
40Riley
69.5%
100Finn
69.5%
69Ollie
69.3%
191Olly
69.3%
244Eddie
69.2%
247Brandon
69%
82Carter
68.5%
36Sebastian
68.4%
181Alan
68.4%
219Jordan
68%
86Caleb
66.9%
132Leonardo
66.9%
87Kai
65.4%
209Taylor
65.4%
65Stanley
65.3%
195Hayden
65.1%
200Xavier
64.4%
62Jude
63.9%
133Ali
63.8%
160Ted
63.8%
55Harley
63.6%
99Felix
63.6%
151Bradley
63.6%
223Adrian
63.5%
119Joel
63.3%
174Ashton
63.3%
131Joey
63%
35Finley
62.8%
46Toby
62.8%
130Finlay
62.8%
140Kayden
62.6%
198Kaiden
62.6%
157Jonah
62%
115Dominic
61.8%
275Dominik
61.8%
41Teddy
61.3%
50Hugo
61.3%
73Blake
61.3%
237Isaiah
61.3%
110Callum
61%
107Seth
60.7%
282Julian
60.5%
101Tobias
60.2%
89Ellis
59.1%
150Maximilian
58.6%
94Jesse
58.1%
202Corey
58.1%
48Reuben
57.9%
117Hunter
57.9%
163Ruben
57.9%
179Miles
57.9%
211Myles
57.9%
182Jax
56.4%
268Xander
56.4%
147Rhys
56.3%
220Reece
56.3%
85Austin
56%
126Cody
55.6%
291Ivan
55.1%
70Ronnie
55%
91Ezra
53.8%
203Omar
53.3%
198Robin
53%
294Declan
52.5%
88Albie
52.4%
105Rowan
52.2%
55Reggie
51.7%
288Asher
51.7%
217Morgan
51.4%
145Cole
50.9%
190Zayn
50.7%
232Zain
50.7%
Rank Name % Correct
98Jasper
50.4%
263Jeremiah
50.4%
123Milo
49.9%
147Cooper
49.4%
178Chase
49.4%
49Arlo
47.8%
96Ibrahim
46.7%
207Abdul
46.5%
168Flynn
46.3%
179Maximus
46.3%
139Grayson
46%
142Parker
44.5%
259Quinn
44.5%
80Rory
44.4%
171Ahmed
44.2%
168Elias
43.9%
58Jenson
43.7%
92Roman
43.7%
195Jensen
43.7%
145Spencer
43.6%
153Brody
43.6%
253Brodie
43.6%
285Preston
43.2%
112Ralph
43.1%
167Levi
42.7%
162Abdullah
42.3%
286Wyatt
41.4%
235Raphael
40.6%
240Rafael
40.6%
143Bailey
40.3%
136Rupert
39.2%
229Otis
39%
261Micah
38.8%
296Reginald
38.7%
83Dexter
38.5%
128Lincoln
37.4%
173Rex
37%
286Otto
36.7%
154Hudson
35.9%
164Tristan
35.9%
227Abel
35.9%
116Sonny
34.7%
242Sidney
34.4%
280Josiah
34.1%
207Lenny
33.9%
188Marley
33.3%
233Fletcher
33.1%
299Kit
33.1%
246Rio
32.5%
289Douglas
32.3%
233Leighton
32.1%
241Layton
32.1%
291Franklin
32%
134Oakley
30.7%
108Yusuf
30.5%
191Syed
30.5%
268Casey
30.3%
235Barnaby
29.7%
185Beau
29.5%
183Wilfred
29.2%
260Emmanuel
27.7%
263Lorenzo
27.2%
184Vinnie
27.1%
227Idris
26.6%
125Kian
26.3%
271Malachi
26.1%
135Rocco
25.8%
275Enzo
25.8%
254Umar
24.8%
290Archer
24.8%
255Hector
24.5%
297Rafe
24.1%
215Kacper
24%
256Hassan
23.8%
272Ahmad
23.5%
204Zakariya
22.5%
122Ayaan
21.9%
245Aryan
21.5%
155Filip
21.2%
193Hamza
20.2%
212Antoni
19.9%
268Lennon
19.4%
280Rafferty
18.8%
172Yahya
18.6%
266Rufus
18.1%
238Fraser
17.1%
265Jan
16.6%
217Mustafa
16.3%
222Rohan
15.7%
295Cohen
15.2%
275Ismail
14.5%
225Chester
14.2%
282Phoenix
14.2%
274Fabian
12.1%
137Musa
10.3%
225Bodhi
9.5%
282Buddy
6%
249Marcel
5.5%
272Arjun
4.2%
186Eesa
3.6%
Remove Ads.
Support Sporcle.
Get the best of Sporcle when you Go Orange. This ad-free experience offers more features, more stats, and more fun while also helping to support Sporcle. Thank you for becoming a member.

You're not logged in!

Compare scores with friends on all Sporcle quizzes.
OR
Log In

Sporcle TV

Today on Sporcle TV


Watch our educational content, quiz creation guides, and fun videos on Sporcle TV.

Show Comments

Extras

Top Quizzes Today


Score Distribution

Paid Content

Your Account Isn't Verified!

In order to create a playlist on Sporcle, you need to verify the email address you used during registration. Go to your Sporcle Settings to finish the process.

Report this User

Report this user for behavior that violates our Community Guidelines.

Details: